<?xml version="1.0" encoding="UTF-8"?><OAI-PMH xmlns="http://www.openarchives.org/OAI/2.0/" xmlns:xsi="http://www.w3.org/2001/XMLSchema-instance"     xsi:schemaLocation="http://www.openarchives.org/OAI/2.0/ http://www.openarchives.org/OAI/2.0/OAI-PMH.xsd"><responseDate>2026-05-17T02:36:21Z</responseDate><request verb="GetRecord" identifier="oai:regmurcia.com:fintegr.1959" metadataPrefix="marc21">http://oai.regmurcia.com/oai2/oai2.php</request><GetRecord><record><header><identifier>oai:regmurcia.com:fintegr.1959</identifier><datestamp>2026-05-17</datestamp><setSpec>documentos</setSpec></header><metadata><record  xmlns="http://www.loc.gov/MARC21/slim" xmlns:xsi="http://www.w3.org/2001/XMLSchema-instance" xsi:schemaLocation="http://www.loc.gov/MARC21/slim http://www.loc.gov/standards/marcxml/schema/MARC21slim.xsd" type="Bibliographic"><leader>00000nam a2200000   4500</leader><controlfield tag="001" >005076109</controlfield><controlfield tag="003" >1959</controlfield><controlfield tag="004" >A00000000</controlfield><datafield tag="245" ind1=" " ind2=" "><subfield code="a">Carta de los procuradores de la ciudad al concejo de Murcia, informando sobre la política interior y exterior de la monarquía y otras cuestiones.</subfield></datafield><datafield tag="300" ind1=" " ind2=" "><subfield code="c">304 x 220 mm.</subfield></datafield><datafield tag="351" ind1=" " ind2=" "><subfield code="a">Unidad Documental simple</subfield><subfield code="c">Archivo de Murcia. Array</subfield><subfield code="a">Unidad Documental simple</subfield><subfield code="c">Archivo de Murcia. Array</subfield></datafield><datafield tag="351" ind1=" " ind2=" "><subfield code="b">Nº 73</subfield></datafield><datafield tag="520" ind1=" " ind2=" "><subfield code="a">Tomás de Bobadilla y Martín? Fajardo, procuradores de la ciudad en la corte, informan al concejo de Murcia de ciertos aspectos de la política interior de los Reyes Católicos, como es lo referente a las Cortes de Zaragoza, Barcelona y Valladolid, y de otras cuestiones referentes a la política exterior, como son el envío de embajadores a Francia, Portugal e Inglaterra, o las negociaciones con el Papado para hacer frente a los turcos. También pide se mejore la situación económica de Pedro García, que se encuentra muy pobre en la corte. Fechada el 29 de octubre.</subfield></datafield><datafield tag="583" ind1=" " ind2=" "><subfield code="u">http://www.regmurcia.com/servlet/s.Sl?METHOD=VERDOCUMENTO&amp;sit=serv,Carmesi&amp;n=/01/1730/indice.djvu</subfield></datafield><datafield tag="592" ind1=" " ind2=" "><subfield code="a">1493 (probable)</subfield></datafield><datafield tag="592" ind1=" " ind2=" "><subfield code="d">1493-12-31 00:00:00</subfield></datafield><datafield tag="651" ind1=" " ind2=" "><subfield code="a">Barcelona</subfield></datafield><datafield tag="786" ind1=" " ind2=" "><subfield code="o">http://www.regmurcia.com/servlet/s.Sl?METHOD=VERDOCUMENTO&amp;sit=serv,Carmesi&amp;n=/01/1730/indice.djvu</subfield></datafield><datafield tag="856" ind1=" " ind2=" "><subfield code="u">http://www.regmurcia.com/servlet/s.Sl?METHOD=DETALLE&amp;sit=c,373,m,139,serv,Carmesi&amp;id=1959</subfield></datafield></record></metadata></record></GetRecord></OAI-PMH>
